| 000 | 00851 a2200217 4500 | ||
|---|---|---|---|
| 020 | _a0750627689 | ||
| 020 | _a9780750627689 | ||
| 082 | 0 | 4 | _a530.14 |
| 090 |
_c563 _d563 |
||
| 100 | 1 | _aLandau, L D. | |
| 245 | 1 | 4 |
_aThe classical theory of fields, fourth edition : _b. _nVolume 2 / _cL D Landau, E.M. Lifshitz. |
| 250 | _a4th ed. | ||
| 260 |
_a[S.l.] : _bButterworth-Heinemann, _c1975 |
||
| 300 |
_a402 p. ; _c25 cm. |
||
| 490 | 1 | _aCourse of theoretical physics series. | |
| 700 | 1 | _aLifshitz, E.M. | |
| 830 | 0 | _aCourse of theoretical physics series. | |
| 942 |
_aSNS _cBK _k530.14 LAN |
||
| 999 |
_c29193 _d29193 |
||